مكتبة جامعة عجلون الوطنية

فهرس بحث المكتبة

Normal view MARC view
  • البريد - المماليك

Entry Topical Term

Number of records used in: 1

001 - CONTROL NUMBER

  • control field: 58196

003 - CONTROL NUMBER IDENTIFIER

  • control field: JO-AjAnu

005 - DATE AND TIME OF LATEST TRANSACTION

  • control field: 20230606083526.0

008 - FIXED-LENGTH DATA ELEMENTS

  • fixed length control field: 230606|| aca||aabn | a|a d

040 ## - CATALOGING SOURCE

  • Original cataloging agency: JO-AjAnu
  • Transcribing agency: JO-AjAnu

150 ## - HEADING--TOPICAL TERM

  • Topical term or geographic name entry element: البريد - المماليك

670 ## - SOURCE DATA FOUND

  • Source citation: Work cat.: (JO-AjAnu)29689: الزعارير، طه , author 58195, البريد في مصر والشام في عصر سلاطين المماليك( 648-923هجري/1250-1517م)